|
|
|
|
| LEADER |
00000njm a2200000 4500 |
| 001 |
vtls012261140 |
| 003 |
SK-MaSNL |
| 005 |
20260301060732.0 |
| 007 |
s cm p a |
| 008 |
240725t1977 xr g 000 0 cze |
| 015 |
|
|
|a SNBJ1977
|
| 028 |
1 |
1 |
|a 03 0427-30
|b PANTON
|
| 028 |
1 |
1 |
|a 03 0427
|b PANTON
|
| 028 |
1 |
1 |
|a 03 0428
|b PANTON
|
| 028 |
1 |
1 |
|a 03 0429
|b PANTON
|
| 028 |
1 |
1 |
|a 03 0430
|b PANTON
|
| 028 |
2 |
1 |
|a PC 409/A A
|b PANTON
|
| 028 |
2 |
1 |
|a PC 410/A A
|b PANTON
|
| 028 |
2 |
1 |
|a PC 411/A A
|b PANTON
|
| 028 |
2 |
1 |
|a PC 412/B A
|b PANTON
|
| 028 |
2 |
1 |
|a PC 413/B A
|b PANTON
|
| 028 |
2 |
1 |
|a PC 414/A B
|b PANTON
|
| 028 |
2 |
1 |
|a PC 415/A A
|b PANTON
|
| 028 |
2 |
1 |
|a PC 416/A A
|b PANTON
|
| 040 |
|
|
|a SNK
|b slo
|c SNK
|e rda
|
| 041 |
0 |
|
|a cze
|
| 044 |
|
|
|a xr
|c CZ
|
| 072 |
|
7 |
|a 78
|x Hudba
|2 konspekt
|
| 080 |
|
|
|a (086.72)
|2 2011
|
| 245 |
0 |
0 |
|a Cvičíme s hudbou
|
| 264 |
|
1 |
|a Praha
|b PANTON
|c [1977]
|
| 264 |
|
4 |
|c Ⓟ1977
|
| 300 |
|
|
|a 4 gramofónové platne
|c 18 cm
|e 1 knižná príloha
|
| 336 |
|
|
|a hraná hudba
|b prm
|2 rdacontent
|
| 336 |
|
|
|a text
|b txt
|2 rdacontent
|
| 337 |
|
|
|a audio
|b s
|2 rdamedia
|
| 337 |
|
|
|a bez média
|b n
|2 rdamedia
|
| 338 |
|
|
|a audiodisk
|b sd
|2 rdacarrier
|
| 338 |
|
|
|a zväzok
|b nc
|2 rdacarrier
|
| 500 |
|
|
|a 4 gramofónové platne s prílohou sú iložené v boxe
|
| 655 |
|
7 |
|a gramofónové platne
|2 SNKPH
|9 74608
|
| 655 |
|
7 |
|a Gramophone records
|2 SNKPHeng
|9 286457
|
| 958 |
|
|
|a GP
|
| 999 |
|
|
|c 616178
|d 618108
|
| 952 |
|
|
|a SNK
|b SNK
|y PREZ
|7 0
|p 17A1422383
|o snk45-858/pril.
|i snk9639/82
|0 0
|1 0
|4 0
|d 2024-07-25
|l 0
|r 2026-02-23 16:38:32
|w 2026-02-23
|
| 952 |
|
|
|a SNK
|b SNK
|y PREZ
|7 0
|p 17A1422384
|o snk45-858/a
|i snk9639/82
|0 0
|1 0
|4 0
|d 2024-07-25
|l 0
|r 2026-02-23 16:38:32
|w 2026-02-23
|
| 952 |
|
|
|a SNK
|b SNK
|y PREZ
|7 0
|p 17A1422385
|o SNK45-858/b
|i snk9640/82
|0 0
|1 0
|4 0
|d 2024-07-25
|l 0
|r 2026-02-23 16:38:32
|w 2026-02-23
|
| 952 |
|
|
|a SNK
|b SNK
|y PREZ
|7 0
|p 17A1422386
|o SNK45-858/c
|i snk9641/82
|0 0
|1 0
|4 0
|d 2024-07-25
|l 0
|r 2026-02-23 16:38:32
|w 2026-02-23
|
| 952 |
|
|
|a SNK
|b SNK
|y PREZ
|7 0
|p 17A1422387
|o SNK45-858/d
|i snk9642/82
|0 0
|1 0
|4 0
|d 2024-07-25
|l 0
|r 2026-02-23 16:38:32
|w 2026-02-23
|